The public and performance : essays in the history of French and German theater, 1871-1900 /

Bibliographic Details
Main Author: Hays, Michael
Format: Book
Language:English
Published: Ann Arbor, Mich. : UMI Research Press, [1981]
Series:Theater and dramatic studies ; no. 6.
Subjects:

MARC

Tag First Indicator Second Indicator Subfields
LEADER 00000pam a2200000 a 4500
001 in00000085762
005 20151008053259.0
008 810924s1981 miua b 00110 eng
010 |a  81016008  
020 |a 0835712370 
035 |a (OCoLC)07836949 
035 |9 AAH6910AM 
039 0 |a 2  |b 3  |c 3  |d 3  |e 3 
040 |a DLC  |c DLC  |d TXA  |d UtOrBLW 
043 |a e-fr---  |a e-gx--- 
049 |a TXAM  |c [933512] 
050 0 0 |a PN2634  |b  H3 1981 
082 0 |a 792/.0943  |2 19 
100 1 |a Hays, Michael. 
245 1 4 |a The public and performance :  |b essays in the history of French and German theater, 1871-1900 /  |c by Michael Hays. 
264 1 |a Ann Arbor, Mich. :  |b UMI Research Press,  |c [1981] 
264 4 |c ©1981 
300 |a xvii, 166 pages :  |b illustrations ;  |c 24 cm. 
336 |a text  |b txt  |2 rdacontent 
337 |a unmediated  |b n  |2 rdamedia 
338 |a volume  |b nc  |2 rdacarrier 
490 1 |a Theater and dramatic studies ;  |v no. 6 
500 |a "A revision of the author's thesis, University of Minnesota, 1974"--Title page verso. 
500 |a Includes index. 
504 |a Bibliography: pages [157]-163. 
650 0 |a Theater  |z France  |x History  |y 19th century. 
650 0 |a Theater  |z Germany  |x History  |y 19th century. 
830 0 |a Theater and dramatic studies ;  |v no. 6. 
999 |a MARS 
999 f f |s 8603629b-e337-3786-81f3-9ae5223f524e  |i 3c055fbc-2eb3-386b-81b4-203ffd1703e7  |t 0 
952 f f |p normal  |a Texas A&M University  |b College Station  |c Sterling C. Evans Library  |d Evans: Library Stacks  |t 0  |e PN2634 H3 1981  |h Library of Congress classification  |i unmediated -- volume  |m A14805949167 
998 f f |a PN2634 H3 1981  |t 0  |l Evans: Library Stacks